00670nam a22002297a 45000010005000000030008000050050017000130080041000300200015000710350018000860400026001040410008001300820022001381000021001602450098001812500011002792600048002903000024003385040019003626500033003817000026004144892BD-RjUL20211208233955.0131223s1988 ii ||| |||| 001 0 eng d a0195622308 a(BD-RjUL)4927 aBD-RjULbengcBD-RjUL aeng04221a 616.025bVAD1 aVakil,Rustom Jal1 aDiagnosis and Management of Medical Emergencies /cVakil,Rustom Jal and Farokh, Erach udwadia a3rd ed aNew Delhi :bOxford university Press.c1988 aviii,469p. ;c24cm. aIncludes Index07aEmergency medical services. 1 aEarach Udwadia Farokh